Flesh and blood (Record no. 428113)

MARC details
000 -LEADER
fixed length control field 00440nam a2200169Ia 4500
003 - CONTROL NUMBER IDENTIFIER
control field 3228
005 - DATE AND TIME OF LATEST TRANSACTION
control field 20260612083137.0
008 - FIXED-LENGTH DATA ELEMENTS--GENERAL INFORMATION
fixed length control field 210818s9999 xx 000 0 und d
020 ## - INTERNATIONAL STANDARD BOOK NUMBER
International Standard Book Number 9780434012527
040 ## - CATALOGING SOURCE
Original cataloging agency MPL
Transcribing agency 3228
082 #0 - DEWEY DECIMAL CLASSIFICATION NUMBER
Classification number EF HARV
100 ## - MAIN ENTRY--PERSONAL NAME
Personal name HARVEY, John London, 2004
9 (RLIN) 74243
245 #0 - TITLE STATEMENT
Title Flesh and blood
260 ## - PUBLICATION, DISTRIBUTION, ETC.
Place of publication, distribution, etc. London:
Name of publisher, distributor, etc. Heinemann,
Date of publication, distribution, etc. 2004.
300 ## - PHYSICAL DESCRIPTION
Extent 370 Pages
Other physical details Illustrations
Dimensions 22,5 cm
942 ## - ADDED ENTRY ELEMENTS
item type Books
Source of classification or shelving scheme Dewey Decimal Classification
-- 282
-- Emmerencia Nonyane
Holdings
Withdrawn status Lost status Damaged status Not for loan Home library Current library Date acquired Cost, normal purchase price Total Checkouts Barcode Date last seen Price effective from item type
        Sabie Public Library (Closed for renovations) Sabie Public Library (Closed for renovations) 23.08.2021 100.00   33228018171080 23.08.2021 23.08.2021 Books